Finance v pedagogické a vědeckovýzkumné činnosti II. sborník referátů z mezinárodního semináře kateder financí, konaného při příležitosti 10. výročí založení Obchodně podnikatelské fakulty Slezské univerzity v Karviné

Gespeichert in:
Bibliographische Detailangaben
Körperschaft: Finance v pedagogické a vědeckovýzkumné činnosti. Mezinárodní seminář
Weitere Verfasser: Kulhánek, Lumír, Polouček, Stanislav
Format: Buch
Sprache:Tschechisch
Slowakisch
Veröffentlicht: Karviná Obchodně podnikatelská fakulta v Karviné SU v Opavě 2000
Schlagworte:
Tags: Tag hinzufügen
Keine Tags, Fügen Sie das erste Tag hinzu!

MARC

LEADER 00000nam$a2200000$$$4500
001 0110866
005 20240104132621.3
020 |a 80-7248-058-8 
041 0 |a cze 
041 0 |a slo 
044 |a CZ 
245 1 0 |a Finance v pedagogické a vědeckovýzkumné činnosti II.  |b sborník referátů z mezinárodního semináře kateder financí, konaného při příležitosti 10. výročí založení Obchodně podnikatelské fakulty Slezské univerzity v Karviné  |c editoři Lumír Kulhánek, Stanislav Polouček 
264 1 |a Karviná  |b Obchodně podnikatelská fakulta v Karviné SU v Opavě  |c 2000 
300 |a 266 s. 
610 2 0 |a financie 
610 2 0 |a trh finančný 
610 2 0 |a trh finančný medzinárodný 
610 2 0 |a financie medzinárodné 
610 2 0 |a financie podnikové 
700 1 |a Kulhánek, Lumír 
700 1 |a Polouček, Stanislav 
110 2 |a Finance v pedagogické a vědeckovýzkumné činnosti. Mezinárodní seminář